000 00344nam a2200145Ia 4500
003 LK-CoDNM
008 010623t1984 xxu||||| |||| 00| 1 eng d
040 _aLK-CoDNM
_dLK-CoDNM
_eLK-CoDNM
041 _aeng
080 _a327.4
_bTWO
245 _aTwo Concepts Of Peace
260 _bPWPA
_aKandy
_c1984
300 _b49p.;21 cm cm
942 _cBK
999 _c112509
_d112509